[Event "COMMONWEALTH CHESS CHAMPIONSHI"]
[Site "Nagpur,India"]
[Date "2008.09.30"]
[Round "3.34"]
[White "Rathnakaran, K."]
[Black "Mehar, Chinna Reddy C H"]
[Result "1/2-1/2"]
[WhiteElo "2453"]
[BlackElo "2239"]
[PlyCount "170"]
[EventDate "2008.09.28"]
[Source "MonRoi"]

1. e4 c5 2. Nf3 d6 3. g3 Nc6 4. Bg2 g6 5. O-O Bg7 6. c3 e5 7. d3 Nge7 8. Nbd2
O-O 9. Rb1 h6 10. b4 b6 11. b5 Na5 12. d4 Be6 13. a4 Qd7 14. Qe2 Rac8 15. dxe5
dxe5 16. Rd1 Qc7 17. Ne1 Rfd8 18. Nc2 Rd6 19. Ne3 Rcd8 20. c4 Rf8 21. Bb2 Rdd8
22. Bc3 Nb7 23. Nd5 Bxd5 24. cxd5 Nd6 25. f4 f6 26. fxe5 fxe5 27. Bh3 Kh7 28.
Be6 Ng8 29. Rf1 Qe7 30. Rbd1 Rxf1+ 31. Rxf1 Rf8 32. Ra1 Nf6 33. Kg2 Nfe8 34. h4
Nc7 35. Bh3 Nce8 36. Re1 Nf6 37. Be6 Nfe8 38. Nf3 Nc7 39. Bh3 Nce8 40. Rh1 Nc7
41. Bg4 Nce8 42. Bh3 Nc7 43. Nd2 Nce8 44. Rb1 Nc7 45. Qg4 Rf7 46. Re1 Nce8 47.
h5 g5 48. Qe6 Qf8 49. Rf1 Rxf1 50. Nxf1 Qf6 51. Qd7 Kh8 52. Nd2 Qf7 53. Qxf7
Nxf7 54. Be6 Nfd6 55. Kf3 Nc7 56. Bd7 Kg8 57. Ke3 Kf8 58. Nf3 Ke7 59. Bh3 Nf7
60. Bf5 Ne8 61. g4 Ned6 62. Bg6 Nh8 63. Kd3 Nhf7 64. Nd2 Nh8 65. Bh7 Nhf7 66.
Nf1 Bf6 67. Ne3 Kd8 68. Be1 Ke7 69. Bg3 Kf8 70. Bg6 Ke7 71. Nd1 Nh8 72. Bh7
Nhf7 73. Nc3 Nd8 74. Nd1 N8f7 75. Bf2 Nd8 76. Ne3 N8b7 77. Bg3 Nd8 78. Kc3 N8b7
79. Kd3 Nd8 80. a5 N8b7 81. a6 Na5 82. Kc2 Nac4 83. Nxc4 Nxc4 84. Kb3 Na5+ 85.
Kc3 Kd6 1/2-1/2

[Event "COMMONWEALTH CHESS CHAMPIONSHI"]
[Site "Nagpur,India"]
[Date "2008.09.30"]
[Round "3.35"]
[White "Thejkumar, M  S."]
[Black "Prasanna, Rao"]
[Result "1/2-1/2"]
[WhiteElo "2441"]
[BlackElo "2233"]
[PlyCount "78"]
[EventDate "2008.09.28"]
[Source "MonRoi"]

1. d4 Nf6 2. Nf3 e6 3. c4 d5 4. Nc3 Be7 5. Bg5 h6 6. Bxf6 Bxf6 7. Qc2 O-O 8.
O-O-O c5 9. dxc5 Qa5 10. cxd5 Na6 11. Nd4 Nxc5 12. e3 exd5 13. Nxd5 Bxd4 14.
Rxd4 Ne6 15. Rd1 Qxa2 16. Bc4 Qa1+ 17. Qb1 Qa4 18. Qa2 Qxa2 19. Bxa2 b6 20.
Ne7+ Kh7 21. Bd5 Rb8 22. Nxc8 Rbxc8+ 23. Kb1 Nc5 24. e4 Rfe8 25. Rhe1 Re7 26.
e5 g5 27. g3 Kg6 28. Bg2 Ne6 29. Rd6 Rd8 30. Be4+ Kg7 31. Red1 Rxd6 32. exd6
Rd7 33. b4 Kf6 34. Bc6 Rd8 35. Kb2 Ng7 36. Kb3 Nf5 37. d7 a6 38. Kc4 Ne7 39. b5
Ke6 1/2-1/2

[Event "COMMONWEALTH CHESS CHAMPIONSHI"]
[Site "Nagpur,India"]
[Date "2008.09.30"]
[Round "3.36"]
[White "Murshed, Niaz"]
[Black "Narayanan, Srinath"]
[Result "1/2-1/2"]
[WhiteElo "2437"]
[BlackElo "2220"]
[PlyCount "38"]
[EventDate "2008.09.28"]
[Source "MonRoi"]

1. Nf3 c5 2. c4 Nc6 3. g3 g6 4. Bg2 Bg7 5. O-O e6 6. Nc3 Nge7 7. d3 O-O 8. Bf4
d5 9. Qc1 b6 10. Bh6 Bb7 11. Bxg7 Kxg7 12. Re1 f6 13. b3 Qd7 14. Qb2 Rad8 15.
a3 d4 16. Ne4 a5 17. Bh3 h6 18. Ned2 Qd6 19. Ne4 Qd7 1/2-1/2

[Event "COMMONWEALTH CHESS CHAMPIONSHI"]
[Site "Nagpur,India"]
[Date "2008.09.30"]
[Round "3.37"]
[White "Saptarshi, Roy"]
[Black "Russell, M K A."]
[Result "1/2-1/2"]
[WhiteElo "2404"]
[BlackElo "2213"]
[PlyCount "58"]
[EventDate "2008.09.28"]
[Source "MonRoi"]

1. e4 c6 2. d4 d5 3. Nc3 dxe4 4. Nxe4 Bf5 5. Ng3 Bg6 6. h4 h6 7. Nf3 Nd7 8. h5
Bh7 9. Bd3 Bxd3 10. Qxd3 e6 11. Bd2 Ngf6 12. O-O-O Be7 13. c4 O-O 14. Ne4 b5
15. Nxf6+ Nxf6 16. Ne5 bxc4 17. Qxc4 Qb6 18. Kb1 Rab8 19. Bc1 Rfc8 20. Rh3 c5
21. Rb3 Qc7 22. Rxb8 Qxb8 23. Rd3 Bd6 24. f4 cxd4 25. Qxd4 Nd5 26. b3 Qc7 27.
Nc4 Bxf4 28. Bb2 Nf6 29. Qf2 e5 {score sheet is not clear result is drawn}
1/2-1/2

[Event "COMMONWEALTH CHESS CHAMPIONSHI"]
[Site "Nagpur,India"]
[Date "2008.09.30"]
[Round "3.38"]
[White "Karthikeyan, P."]
[Black "Anwesh, Upadhyaya"]
[Result "1-0"]
[WhiteElo "2402"]
[BlackElo "2189"]
[PlyCount "67"]
[EventDate "2008.09.28"]
[Source "MonRoi"]

1. Nf3 Nf6 2. c4 e6 3. g3 d5 4. Bg2 Be7 5. O-O O-O 6. d4 dxc4 7. Qc2 a6 8. Qxc4
b5 9. Qc2 Bb7 10. Bd2 Be4 11. Qc1 Bb7 12. Bf4 Bd6 13. Nbd2 Nbd7 14. Nb3 Re8 15.
Rd1 Qc8 16. Na5 Bd5 17. Ne5 Bxg2 18. Kxg2 Bxe5 19. Bxe5 Nxe5 20. dxe5 Nd7 21.
Nc6 Nb6 22. Qc5 Qb7 23. Rac1 Red8 24. Rxd8+ Rxd8 25. Qe7 Rf8 26. e4 h6 27. b3
Nc8 28. Qc5 f5 29. exf5 exf5 30. f3 f4 31. e6 fxg3 32. hxg3 Nd6 33. Ne7+ Kh7
34. Qc2+ 1-0

[Event "COMMONWEALTH CHESS CHAMPIONSHI"]
[Site "Nagpur,India"]
[Date "2008.09.30"]
[Round "3.41"]
[White "Akshat, Khamparia"]
[Black "Mehta, Praful"]
[Result "1-0"]
[WhiteElo "2305"]
[BlackElo "2084"]
[PlyCount "76"]
[EventDate "2008.09.28"]
[Source "MonRoi"]

1. d4 Nf6 2. c4 c5 3. d5 b5 4. Qc2 d6 5. e4 b4 6. f4 Qc7 7. Nf3 Nbd7 8. Bd3 g6
9. Nbd2 Bg7 10. Nf1 O-O 11. Ne3 Nh5 12. g3 e5 13. f5 Ndf6 14. g4 Nf4 15. g5
N6h5 16. f6 Bh8 17. h4 h6 18. Bf1 Bd7 19. Qf2 Rae8 20. Nh2 Qc8 21. Qf3 Nxf6 22.
gxf6 Bxf6 23. Nhg4 Bg7 24. Nf2 h5 25. Nh3 Bg4 26. Qg3 f5 27. Ng5 Bf6 28. Bd2
Bxg5 29. hxg5 fxe4 30. Nxg4 Qxg4 31. Qxg4 hxg4 32. Rg1 Nd3+ 33. Bxd3 exd3 34.
Be3 Rf3 35. Kd2 Rh3 36. Raf1 g3 37. Rg2 Rf8 38. Rxf8+ Kxf8 1-0

[Event "COMMONWEALTH CHESS CHAMPIONSHI"]
[Site "Nagpur,India"]
[Date "2008.09.30"]
[Round "3.42"]
[White "Priyadharshan, K."]
[Black "Girish, A  Koushik"]
[Result "1-0"]
[WhiteElo "2297"]
[BlackElo "2108"]
[PlyCount "102"]
[EventDate "2008.09.28"]
[Source "MonRoi"]

1. e4 c5 2. Nf3 d6 3. d4 cxd4 4. Nxd4 Nf6 5. Nc3 g6 6. Be3 Bg7 7. f3 O-O 8. Qd2
Nc6 9. O-O-O d5 10. exd5 Nxd5 11. Nxc6 bxc6 12. Bd4 e5 13. Bc5 Be6 14. Ne4 Re8
15. h4 h6 16. g4 Qc7 17. g5 h5 18. Bc4 Red8 19. Qf2 a5 20. a4 Rab8 21. b3 Qb7
22. Qe1 Qc7 23. Rh2 Rd7 24. Rhd2 Rbd8 25. Rd3 Kh8 26. R1d2 Qb8 27. Rd1 Qc7 28.
Ba3 Bf5 29. R3d2 Qa7 30. Bb2 Nb4 31. Rxd7 Rxd7 32. Rxd7 Qxd7 33. Bc3 Bxe4 34.
Bxb4 Bxf3 35. Bxa5 e4 36. Bc3 Bd4 37. a5 c5 38. a6 Kg8 39. Bd2 Qe7 40. c3 Be5
41. Be3 Bb8 42. Qf2 Qe5 43. Kb2 Ba7 44. Qd2 Bg4 45. Qd5 Qe7 46. Qc6 Kg7 47. Qb7
Kf8 48. Qxe7+ Kxe7 49. b4 Bd7 50. Kb3 Bc6 51. b5 Ba8 1-0

[Event "COMMONWEALTH CHESS CHAMPIONSHI"]
[Site "Nagpur,India"]
[Date "2008.09.30"]
[Round "3.43"]
[White "Kunte, Abhijit"]
[Black "Vaibhav, Suri"]
[Result "1-0"]
[WhiteElo "2554"]
[BlackElo "2081"]
[PlyCount "73"]
[EventDate "2008.09.28"]
[Source "MonRoi"]

1. d4 Nf6 2. c4 e6 3. Nc3 Bb4 4. e3 c5 5. Nge2 d5 6. a3 Bxc3+ 7. Nxc3 cxd4 8.
exd4 dxc4 9. Bxc4 Nc6 10. Be3 O-O 11. O-O b6 12. Qf3 Bb7 13. Qh3 Rc8 14. Bd3
Ne7 15. Bg5 Ng6 16. Bxg6 hxg6 17. Qh4 Rc4 18. Rfd1 e5 19. Bxf6 gxf6 20. Ne2 Qd5
21. f3 Rc2 22. dxe5 Qc5+ 23. Nd4 fxe5 24. b4 Qc4 25. Nf5 gxf5 26. Qg5+ Kh8 27.
Rd6 f6 28. Qh6+ Kg8 29. Rd7 Qf7 30. Rxf7 Rxf7 31. Rd1 Rc8 32. Qg6+ Rg7 33. Qxf5
Rf8 34. Qe6+ Kh8 35. Rd7 Bc8 36. Qd6 Re8 37. Rd8 1-0

[Event "COMMONWEALTH CHESS CHAMPIONSHI"]
[Site "Nagpur,India"]
[Date "2008.09.30"]
[Round "3.47"]
[White "Devesh, Mukherjee"]
[Black "Shyam, Nikil P"]
[Result "0-1"]
[WhiteElo "2004"]
[BlackElo "2364"]
[PlyCount "54"]
[EventDate "2008.09.28"]
[Source "MonRoi"]

1. Nf3 c5 2. c4 Nc6 3. d4 cxd4 4. Nxd4 g6 5. e4 Bg7 6. Be3 Nf6 7. Nc3 d6 8. Be2
O-O 9. O-O Bd7 10. Qd2 Rc8 11. f3 a6 12. Rac1 Ne8 13. Rfd1 e6 14. Nxc6 Rxc6 15.
b4 f5 16. b5 axb5 17. Nxb5 fxe4 18. fxe4 Be5 19. Rf1 Rxf1+ 20. Rxf1 Qh4 21. g3
Qxe4 22. Bd3 Qg4 23. Qf2 Bf6 24. h3 Qxh3 25. Bg5 Rc5 26. Bxf6 Nxf6 27. Nxd6 Rh5
0-1

[Event "COMMONWEALTH CHESS CHAMPIONSHI"]
[Site "Nagpur,India"]
[Date "2008.09.30"]
[Round "3.48"]
[White "Prathamesh, Sunil Mokal"]
[Black "Patil, Pratik"]
[Result "1-0"]
[WhiteElo "2358"]
[BlackElo "2003"]
[PlyCount "129"]
[EventDate "2008.09.28"]
[Source "MonRoi"]

1. e4 c5 2. Nf3 d6 3. d4 cxd4 4. Nxd4 Nf6 5. Nc3 a6 6. Be2 e5 7. Nb3 Be7 8. O-O
O-O 9. Be3 Be6 10. Qd2 Nbd7 11. a4 Nb6 12. a5 Nc4 13. Bxc4 Bxc4 14. Rfd1 Rc8
15. Bg5 Rc6 16. Nc1 Qc7 17. Nd3 Bxd3 18. Qxd3 Rc8 19. Bxf6 Bxf6 20. Nd5 Qd8 21.
c3 Be7 22. Qe3 Bf8 23. Rd3 Qh4 24. Qe2 Re8 25. Rh3 Qd8 26. Qh5 h6 27. Rf3 g6
28. Qh3 Bg7 29. Nb6 Qe7 30. Nd5 Qe6 31. g4 Rc4 32. Re1 Rf8 33. Rd3 Kh7 34. g5
Qxh3 35. Rxh3 h5 36. Rf3 Kg8 37. b3 Rc5 38. Ra1 Re8 39. Kf1 Kf8 40. Nb6 Ke7 41.
Ke2 Ke6 42. Kd3 f5 43. gxf6 Bxf6 44. Rg1 Rg8 45. Nd5 Bd8 46. b4 Rc8 47. c4 Be7
48. Rfg3 g5 49. Nxe7 Kxe7 50. Rxg5 Rgf8 51. Rg7+ Rf7 52. R1g5 Rh8 53. c5 Rh7
54. Rxh7 Rxh7 55. Kc4 Kf6 56. Rf5+ Ke6 57. cxd6 Kxd6 58. Rf6+ Ke7 59. Rb6 Kd8
60. Re6 Rf7 61. Rxe5 Rxf2 62. Rxh5 Re2 63. Kd5 Rb2 64. Kc5 Re2 65. Rh8+ 1-0

[Event "COMMONWEALTH CHESS CHAMPIONSHI"]
[Site "Nagpur,India"]
[Date "2008.09.30"]
[Round "3.51"]
[White "Pradip Tiwari"]
[Black "Rahman, Syed Mahfuzur"]
[Result "1/2-1/2"]
[WhiteElo "1960"]
[BlackElo "2297"]
[PlyCount "80"]
[EventDate "2008.09.28"]
[Source "MonRoi"]

1. e4 c5 2. Nf3 Nc6 3. d4 cxd4 4. Nxd4 Nf6 5. Nc3 e5 6. Ndb5 d6 7. Bg5 a6 8.
Na3 b5 9. Nd5 Be7 10. Bxf6 Bxf6 11. c4 Bg5 12. Nc2 bxc4 13. Bxc4 O-O 14. O-O
Kh8 15. Nde3 Rb8 16. b3 a5 17. Qd3 Bb7 18. Nf5 Be7 19. Rad1 Qb6 20. Qg3 g6 21.
Nxd6 f6 22. Nxb7 Rxb7 23. a4 Bc5 24. Bd5 Rc7 25. Bc4 Nb4 26. Nxb4 Qxb4 27. Rd5
Qb6 28. Rfd1 Bd4 29. Rb5 Qd6 30. Rd5 Qb6 31. Rb5 Qd6 32. Rd5 Qb6 33. Rb5 Qd6
34. Kf1 Rc5 35. Rb7 Rfc8 36. Qh3 R5c7 37. Rb5 Qa6 38. Qh6 Qa7 39. Qh4 Kg7 40.
Rd5 Rd7 1/2-1/2

[Event "COMMONWEALTH CHESS CHAMPIONSHI"]
[Site "Nagpur,India"]
[Date "2008.09.30"]
[Round "3.53"]
[White "Thakur, Akash"]
[Black "Lobo, Richard A"]
[Result "1-0"]
[WhiteElo "2276"]
[BlackElo "1979"]
[PlyCount "47"]
[EventDate "2008.09.28"]
[Source "MonRoi"]

1. e4 c5 2. Nf3 d6 3. Bb5+ Nd7 4. d4 Ngf6 5. Nc3 a6 6. Bxd7+ Nxd7 7. O-O b6 8.
e5 e6 9. dxc5 Nxc5 10. b4 Nb7 11. Rb1 d5 12. Be3 b5 13. a4 Qc7 14. Qd3 bxa4 15.
Nxa4 Nd8 16. Rfc1 Nc6 17. c4 Nxb4 18. Qd2 Rb8 19. cxd5 Qa5 20. Nb6 Bb7 21. dxe6
Be7 22. Qd7+ Kf8 23. Qc7 Nc6 24. Rxc6 1-0

[Event "COMMONWEALTH CHESS CHAMPIONSHI"]
[Site "Nagpur,India"]
[Date "2008.09.30"]
[Round "3.54"]
[White "Lolla, Sembhu"]
[Black "Ophoff, Ja"]
[Result "0-1"]
[WhiteElo "1945"]
[BlackElo "2275"]
[PlyCount "66"]
[EventDate "2008.09.28"]
[Source "MonRoi"]

1. e3 d5 2. g3 Nf6 3. Bg2 c6 4. Ne2 Bf5 5. d4 e6 6. Nd2 Nbd7 7. c4 Be7 8. O-O
O-O 9. f3 Bd3 10. cxd5 cxd5 11. e4 Qb6 12. Kh1 Bxe2 13. Qxe2 Qxd4 14. Nb3 Qc4
15. Qxc4 dxc4 16. Na5 Rac8 17. b3 cxb3 18. axb3 b6 19. Nc4 b5 20. Na5 Bc5 21.
Bb2 Bb6 22. Ba3 Nc5 23. Bxc5 Rxc5 24. Nb7 Rc2 25. Rfd1 h5 26. h3 Rb2 27. Rab1
Rxb1 28. Rxb1 Rb8 29. Nd6 Bf2 30. Bf1 a6 31. Kg2 Bc5 32. Rd1 Rd8 33. e5 Nd5 0-1

[Event "COMMONWEALTH CHESS CHAMPIONSHI"]
[Site "Nagpur,India"]
[Date "2008.09.30"]
[Round "3.55"]
[White "Mohammad, Javed"]
[Black "Ghate, V N."]
[Result "1/2-1/2"]
[WhiteElo "2264"]
[BlackElo "1972"]
[PlyCount "60"]
[EventDate "2008.09.28"]
[Source "MonRoi"]

1. e4 c5 2. Nf3 d6 3. d4 cxd4 4. Nxd4 Nf6 5. Nc3 a6 6. Bg5 e6 7. f4 Be7 8. Qf3
Qc7 9. O-O-O Nbd7 10. g4 b5 11. Bxf6 Nxf6 12. g5 Nd7 13. f5 Nc5 14. f6 gxf6 15.
gxf6 Bf8 16. Qh5 b4 17. Nd5 exd5 18. exd5 Bd7 19. Re1+ Kd8 20. Qxf7 Bh6+ 21.
Kb1 Be8 22. Qe7+ Qxe7 23. fxe7+ Kc7 24. Ne6+ Nxe6 25. Rxe6 Bg7 26. Re4 a5 27.
Rc4+ Kb6 28. Bh3 Be5 29. a3 bxa3 30. Rd1 {score sheet is not clear} Rg8 1/2-1/2

[Event "COMMONWEALTH CHESS CHAMPIONSHI"]
[Site "Nagpur,India"]
[Date "2008.09.30"]
[Round "3.56"]
[White "Wijesuriya, G V."]
[Black "Kiran, Manisha Mohanty"]
[Result "0-1"]
[WhiteElo "1941"]
[BlackElo "2246"]
[PlyCount "55"]
[EventDate "2008.09.28"]
[Source "MonRoi"]

1. Nf3 c5 2. g3 g6 3. Bg2 Bg7 4. d4 cxd4 5. Nxd4 Nc6 6. Nxc6 bxc6 7. c3 d5 8.
O-O e6 9. Be3 Ne7 10. Bc5 O-O 11. Qa4 Bd7 12. Nd2 Re8 13. e4 Qc7 14. f4 Bf8 15.
Kh1 a5 16. Rae1 Nc8 17. Bxf8 Rxf8 18. Qd4 a4 19. Nf3 Nd6 20. Ne5 c5 21. Qd2 Bb5
22. Rf2 Nxe4 23. Rxe4 dxe4 24. Bxe4 Rad8 25. Qc2 f6 26. Nd3 f5 27. Nxc5 Qxc5
28. Bg2 0-1

[Event "COMMONWEALTH CHESS CHAMPIONSHI"]
[Site "Nagpur,India"]
[Date "2008.09.30"]
[Round "3.57"]
[White "Nadig, Kruttika"]
[Black "Dave, Shiv Shankar"]
[Result "1-0"]
[WhiteElo "2240"]
[BlackElo "1959"]
[PlyCount "105"]
[EventDate "2008.09.28"]
[Source "MonRoi"]

1. e4 e5 2. Nf3 Nc6 3. Bb5 a6 4. Ba4 Nf6 5. O-O Be7 6. Re1 b5 7. Bb3 d6 8. c3
O-O 9. h3 Na5 10. Bc2 c5 11. d4 Qc7 12. Nbd2 cxd4 13. cxd4 Bb7 14. d5 Rac8 15.
Bb1 Nc4 16. Nf1 a5 17. b3 Nb6 18. Bd2 Nbd7 19. Ng3 Rfe8 20. Nf5 Bf8 21. g4 g6
22. Nh6+ Bxh6 23. Bxh6 Qc3 24. Bd3 Ba6 25. Re3 Qb2 26. a4 Rc5 27. Rb1 Qa2 28.
Re2 Qa3 29. Ra1 Qb4 30. Bd2 Rc3 31. Bxc3 Qxc3 32. axb5 Bb7 33. Rc1 Qb4 34. Rc4
Qxb5 35. g5 Qb6 36. gxf6 Nxf6 37. Rec2 Qxb3 38. Rc1 Qxd1+ 39. Rxd1 Ba6 40. Ra4
Bxd3 41. Rxd3 Rb8 42. Nd2 Nh5 43. Rxa5 Nf4 44. Rb3 Rc8 45. Ra1 Kg7 46. Nf1 h5
47. h4 g5 48. hxg5 Kg6 49. Ng3 Kxg5 50. Nf5 h4 51. Nxd6 Rg8 52. Kh2 Kf6 53. Rg1
1-0

[Event "COMMONWEALTH CHESS CHAMPIONSHI"]
[Site "Nagpur,India"]
[Date "2008.09.30"]
[Round "3.60"]
[White "Annurudha, G C."]
[Black "Mithil, Ajgaonkar"]
[Result "1-0"]
[WhiteElo "2218"]
[BlackElo "1930"]
[PlyCount "115"]
[EventDate "2008.09.28"]
[Source "MonRoi"]

1. d4 d5 2. Nf3 Nf6 3. g3 g6 4. Bg2 Bg7 5. O-O O-O 6. Nbd2 c6 7. b3 Ne4 8. Bb2
Qb6 9. e3 Rd8 10. Qe2 Bf5 11. Nh4 Qa5 12. Qd1 c5 13. Nxf5 gxf5 14. Nxe4 dxe4
15. f3 cxd4 16. exd4 Nc6 17. c3 e5 18. fxe4 exd4 19. c4 Qb6 20. Kh1 fxe4 21.
Bxe4 Ne5 22. Bd5 Qg6 23. Qxd4 Rd7 24. Rae1 Nd3 25. Qxg7+ Qxg7 26. Bxg7 Nxe1 27.
Bh6 Nd3 28. Rf5 Rd6 29. Bxf7+ Kh8 30. Bd2 h6 31. Bc3+ Kh7 32. Bd5 Re8 33. Rf3
Nc5 34. g4 Re7 35. Rf8 Kg6 36. h4 Nd3 37. Rf3 Ne5 38. Be4+ Kg7 39. Rf5 Rd1+ 40.
Kg2 Kg8 41. Bxe5 Rd2+ 42. Kf3 Rxa2 43. Bd6 Rd7 44. Rf6 Rd2 45. c5 Rb2 46. Rg6+
Kf7 47. Rxh6 Rxb3+ 48. Kf4 Rb2 49. Bf5 Rd8 50. Rh7+ Kg8 51. Rc7 Rb4+ 52. Kg5
Re8 53. Be7 Kg7 54. Bf6+ Kf8 55. h5 a5 56. h6 Rb3 57. h7 Rh3 58. Bg7# 1-0

[Event "COMMONWEALTH CHESS CHAMPIONSHI"]
[Site "Nagpur,India"]
[Date "2008.09.30"]
[Round "3.61"]
[White "Saurabh, Kherdekar"]
[Black "Cholleti, Sahajasri"]
[Result "1-0"]
[WhiteElo "2213"]
[BlackElo "1918"]
[PlyCount "71"]
[EventDate "2008.09.28"]
[Source "MonRoi"]

1. d4 Nf6 2. Nf3 e6 3. Bg5 b6 4. e3 Bb7 5. Bd3 Be7 6. Nbd2 c5 7. Bxf6 Bxf6 8.
c3 cxd4 9. exd4 d6 10. Qe2 Nd7 11. O-O-O Qc7 12. Kb1 O-O-O 13. g4 h6 14. h4 g6
15. Ba6 Kb8 16. Bxb7 Qxb7 17. h5 g5 18. Ne4 Qc7 19. d5 exd5 20. Rxd5 Rhe8 21.
Qc2 Qc4 22. Nxf6 Nxf6 23. Rd4 Qc6 24. Qf5 Ne4 25. Re1 d5 26. Ne5 Qc7 27. Nd3
Nd2+ 28. Kc2 Rxe1 29. Nxe1 Nc4 30. Nd3 Qd7 31. Nb4 Qa4+ 32. b3 Na3+ 33. Kb2 Qb5
34. Kxa3 Re8 35. Qxd5 Qf1 36. Nc6+ 1-0

[Event "COMMONWEALTH CHESS CHAMPIONSHI"]
[Site "Nagpur,India"]
[Date "2008.09.30"]
[Round "3.64"]
[White "Thipsay, Bagyashree Sathe"]
[Black "Sweety, Patel"]
[Result "1-0"]
[WhiteElo "2195"]
[BlackElo "1902"]
[PlyCount "95"]
[EventDate "2008.09.28"]
[Source "MonRoi"]

1. e4 c5 2. Nf3 Nc6 3. d4 cxd4 4. Nxd4 Nf6 5. Nc3 e5 6. Ndb5 d6 7. Nd5 Nxd5 8.
exd5 Nb8 9. a4 Be7 10. Be3 a6 11. Na3 Bf5 12. Nc4 Nd7 13. a5 Rc8 14. Be2 Nf6
15. c3 O-O 16. O-O Be4 17. Nb6 Rc7 18. c4 Nd7 19. b4 Bg5 20. Nxd7 Rxd7 21. Bb6
Qf6 22. Ra3 Bf4 23. g3 Bg5 24. Bg4 Bf5 25. Bf3 Bh3 26. Re1 Rc8 27. Bg4 Bxg4 28.
Qxg4 Qe7 29. c5 Bd2 30. Rd1 f5 31. Qc4 Bg5 32. c6 bxc6 33. dxc6+ d5 34. Rxd5
Qe6 35. Rc5 Rd1+ 36. Kg2 Qxc4 37. Rxc4 Be7 38. Rb3 Kf7 39. b5 axb5 40. Rxb5 Rd6
41. c7 Bf6 42. a6 Ke8 43. a7 Kd7 44. Ra5 Rxb6 45. a8=Q Rxa8 46. Rxa8 Rc6 47.
Rxc6 Kxc6 48. c8=Q+ 1-0

[Event "COMMONWEALTH CHESS CHAMPIONSHI"]
[Site "Nagpur,India"]
[Date "2008.09.30"]
[Round "3.65"]
[White "Anuja Bombatkar"]
[Black "Ankit, R  Rajpara"]
[Result "0-1"]
[WhiteElo "1927"]
[BlackElo "2194"]
[PlyCount "90"]
[EventDate "2008.09.28"]
[Source "MonRoi"]

1. d4 d6 2. c4 e5 3. dxe5 dxe5 4. Qxd8+ Kxd8 5. Nf3 f6 6. Nc3 c6 7. b3 Be6 8.
Bb2 Nd7 9. e3 Nh6 10. Be2 a5 11. O-O Kc7 12. Rac1 Nc5 13. Rfd1 Rd8 14. Ne1 Rxd1
15. Rxd1 Be7 16. Nd3 Nxd3 17. Bxd3 Bf5 18. Kf1 Bb4 19. Bxf5 Nxf5 20. Ne4 Nd6
21. Nxd6 Bxd6 22. e4 a4 23. Bc3 Ra8 24. Ra1 b5 25. cxb5 cxb5 26. b4 Ra6 27. a3
Rc6 28. Rc1 Kd7 29. Bb2 Rxc1+ 30. Bxc1 Ke6 31. Ke2 g6 32. g4 Bc7 33. Be3 f5 34.
gxf5+ gxf5 35. Kf3 Bd8 36. Bc1 Bb6 37. Bb2 h5 38. h3 Kf6 39. exf5 Kxf5 40. Ke2
Ke4 41. f3+ Kf4 42. h4 Bd8 43. Bc1+ Kf5 44. Be3 Bxh4 45. Bg1 Bg5 0-1

[Event "COMMONWEALTH CHESS CHAMPIONSHI"]
[Site "Nagpur,India"]
[Date "2008.09.30"]
[Round "3.66"]
[White "Priya, P."]
[Black "Sharath, E."]
[Result "1-0"]
[WhiteElo "2190"]
[BlackElo "1897"]
[PlyCount "73"]
[EventDate "2008.09.28"]
[Source "MonRoi"]

1. e4 c6 2. d4 d5 3. exd5 cxd5 4. c4 Nf6 5. Nc3 Nc6 6. Nf3 e6 7. c5 b6 8. Bb5
Bd7 9. Bxc6 Bxc6 10. Ne5 Rc8 11. b4 Bd7 12. O-O Be7 13. Bf4 O-O 14. Qe2 Ne8 15.
Qa6 bxc5 16. bxc5 f6 17. Nd3 g5 18. Bg3 Ra8 19. Rfe1 Qc8 20. Qxc8 Bxc8 21. Nxd5
Bd8 22. N5b4 Ba5 23. Re2 h5 24. h4 Bxb4 25. Nxb4 a5 26. Nc6 Bd7 27. Nb8 Bc8 28.
hxg5 fxg5 29. Re5 Rf5 30. Rxf5 exf5 31. Be5 Ng7 32. d5 f4 33. Rb1 Bf5 34. Rb7
Ne8 35. d6 Rxb8 36. Rxb8 Kf7 37. c6 1-0

[Event "COMMONWEALTH CHESS CHAMPIONSHI"]
[Site "Nagpur,India"]
[Date "2008.09.30"]
[Round "3.68"]
[White "Preethi, R."]
[Black "Shubham Lakudkar"]
[Result "0-1"]
[WhiteElo "2183"]
[BlackElo "1885"]
[PlyCount "124"]
[EventDate "2008.09.28"]
[Source "MonRoi"]

1. e4 d5 2. exd5 Qxd5 3. Nc3 Qa5 4. d4 Nf6 5. Bc4 Nc6 6. Nge2 Bg4 7. f3 Bf5 8.
Bd2 Qb4 9. Bb5 a6 10. Ba4 Rc8 11. b3 e6 12. Nb5 Qe7 13. Na7 b5 14. Nxc6 Qd6 15.
Bxb5 axb5 16. Ne5 c5 17. Bf4 Qb6 18. g4 Bg6 19. Nxg6 hxg6 20. c3 cxd4 21. Qxd4
Qc6 22. Qd3 b4 23. c4 Rd8 24. Nd4 Qd7 25. O-O-O Bc5 26. Be5 Qa7 27. Kb1 O-O 28.
Qd2 Rd7 29. Nb5 Rxd2 30. Nxa7 Rxd1+ 31. Rxd1 Bxa7 32. Bd6 Rd8 33. Kc2 Nd5 34.
Bf4 Rc8 35. Bd2 Ne3+ 36. Bxe3 Bxe3 37. Rd7 Kf8 38. Rb7 Bc5 39. Kb2 f5 40. h3
Ke8 41. Kc2 Be7 42. Kd3 Rd8+ 43. Ke3 Rd7 44. Rb8+ Kf7 45. Rc8 e5 46. c5 f4+ 47.
Ke2 Ke6 48. Rc6+ Kd5 49. Rxg6 Bxc5 50. Kd3 Bd6 51. h4 Rc7 52. Kd2 Ra7 53. Kd3
Rxa2 54. Rxg7 Rf2 55. h5 Rxf3+ 56. Kc2 Rh3 57. Rh7 f3 58. Kd2 e4 59. Rf7 Kd4
60. Rd7 e3+ 61. Kc2 Rh2+ 62. Kc1 Kc3 0-1

[Event "COMMONWEALTH CHESS CHAMPIONSHI"]
[Site "Nagpur,India"]
[Date "2008.09.30"]
[Round "3.69"]
[White "Santhosbaala, R S."]
[Black "Gajendra, Singh"]
[Result "1/2-1/2"]
[WhiteElo "1915"]
[BlackElo "2159"]
[PlyCount "66"]
[EventDate "2008.09.28"]
[Source "MonRoi"]

1. e4 e6 2. d3 d5 3. Nd2 g6 4. Ngf3 Bg7 5. g3 Ne7 6. Bg2 O-O 7. O-O c5 8. Re1
Nbc6 9. Nf1 d4 10. e5 Qc7 11. Qe2 b6 12. h4 Bb7 13. N1h2 Rae8 14. Ng4 Nd5 15.
Bh6 f5 16. exf6 Nxf6 17. Nxf6+ Rxf6 18. Bxg7 Qxg7 19. Ng5 Qd7 20. h5 Rf5 21. f4
Nd8 22. hxg6 hxg6 23. Be4 Rf6 24. Qg4 Kg7 25. Kg2 Bxe4+ 26. Nxe4 Qd5 27. Rh1
Rf5 28. Qh4 Rg8 29. g4 Kf8 30. gxf5 gxf5+ 31. Kf3 Nf7 32. Rag1 Rxg1 33. Rxg1
Qb7 1/2-1/2

[Event "COMMONWEALTH CHESS CHAMPIONSHI"]
[Site "Nagpur,India"]
[Date "2008.09.30"]
[Round "3.71"]
[White "Ayush Jugele"]
[Black "Shiven, Khosla"]
[Result "0-1"]
[WhiteElo "1904"]
[BlackElo "2141"]
[PlyCount "48"]
[EventDate "2008.09.28"]
[Source "MonRoi"]

1. d4 d5 2. Nf3 Nf6 3. Bf4 Bf5 4. e3 e6 5. Bd3 Bxd3 6. cxd3 Nbd7 7. Nbd2 c5 8.
dxc5 Nxc5 9. Qe2 Qb6 10. d4 Nce4 11. Nxe4 Nxe4 12. O-O Be7 13. Ne5 Rd8 14. Rac1
O-O 15. Rc2 f6 16. Nf3 Rc8 17. Rfc1 Rc6 18. Bc7 Qxc7 19. Rxc6 bxc6 20. Qa6 Rc8
21. a3 Nd6 22. Nd2 Qb6 23. Qxb6 axb6 24. b4 b5 0-1

[Event "COMMONWEALTH CHESS CHAMPIONSHI"]
[Site "Nagpur,India"]
[Date "2008.09.30"]
[Round "3.73"]
[White "Rahul, Joshi"]
[Black "Pranav, Shetty"]
[Result "0-1"]
[WhiteElo "1902"]
[BlackElo "2138"]
[PlyCount "86"]
[EventDate "2008.09.28"]
[Source "MonRoi"]

1. e4 c5 2. d4 cxd4 3. c3 Nf6 4. e5 Nd5 5. Bc4 Nb6 6. Bb3 e6 7. Nf3 d6 8. exd6
Bxd6 9. cxd4 N8d7 10. O-O Nf6 11. Nc3 Be7 12. Bf4 O-O 13. Rc1 Bd7 14. Ne5 Rc8
15. Qf3 Bc6 16. Nxc6 bxc6 17. Rfd1 Nbd5 18. Nxd5 cxd5 19. Rxc8 Qxc8 20. Rc1 Qa6
21. Qc3 Ne4 22. Qc6 Qd3 23. Be3 Bg5 24. Qc2 Qb5 25. Bxg5 Nxg5 26. Qc5 Qe2 27.
Qc2 Qg4 28. Qd3 Ne4 29. f3 Qf4 30. Rc2 Nd6 31. g3 Qf6 32. g4 Rc8 33. Rxc8+ Nxc8
34. Bc2 g6 35. Qc3 Nd6 36. a4 h5 37. h3 Qf4 38. Kg2 h4 39. Qe1 Nc4 40. Bd3 Nxb2
41. Bb5 g5 42. Qc3 Nd1 43. Qd3 Qg3+ 0-1